| 000 | 00595nam a22001817a 4500 | ||
|---|---|---|---|
| 005 | 20251108164308.0 | ||
| 008 | 250721s1956 xx 000 0 ara d | ||
| 082 | 1 | 4 | _a811.6/حصي |
| 100 | 1 | _aإبن أبي حصنيه، أبو الفتح الحسن بن عبد الله | |
| 245 | 1 | 0 | _aديوان إبن أبي حصينه / |
| 264 | 1 |
_aدمشق : _bالمجمع العلمي العربي، _c1956. |
|
| 300 | _a2ج | ||
| 650 | 1 | 7 | _aالشعر العربي |
| 650 | 1 | 7 | _aالعصر العباسي |
| 700 | 1 |
_aالمعري، أبو العلاء _eشرح |
|
| 942 |
_2ddc _cBK |
||
| 999 |
_c8607 _d8607 |
||